Sports Quiz

Random Sports or College Quiz

CSA Team Rankings (2009-2010) Quiz Stats

 Plays Quiz not verified by Sporcle

Score 0/40 Timer 10:00
0 Plays Today
Top 40 Colleges in Squash % Correct
A DivisionHarvard University
98.6%
A DivisionYale University
94.4%
A DivisionPrinceton University
91.5%
A DivisionDartmouth College
90.1%
A DivisionCornell University
84.5%
'A Division' Potter Cup ChampionTrinity College
78.9%
B DivisionBrown University
78.9%
E DivisionColumbia University
78.9%
'B Division' Hoehn Cup ChampionUniversity of Pennsylvania
76.1%
B DivisionWilliams College
60.6%
C Division Stanford University
59.2%
C DivisionColby College
59.2%
B Division Bowdoin College
57.7%
'C Division' Summers Cup ChampionMiddlebury College
54.9%
B DivisionBates College
53.5%
C DivisionAmherst College
52.1%
D DivisionWesleyan University
46.5%
A DivisionRochester University
45.1%
B DivisionNaval Academy
45.1%
C DivisionTufts University
39.4%
Top 40 Colleges in Squash % Correct
D DivisionMassachusetts Institute of Technology
38%
D DivisionHobart College
36.6%
C Division Hamilton College
35.2%
D DivisionNorthwestern University
33.8%
A DivisionUniversity of Western Ontario
32.4%
B Division Saint Lawrence University
32.4%
E DivisionBoston College
32.4%
C Division George Washington University
31%
D DivisionGeorgetown University
29.6%
D Division Colgate University
29.6%
E DivisionHaverford College
29.6%
E DivisionUniversity of Washington
28.2%
D DivisionNortheastern University
23.9%
E DivisionDrexel University
23.9%
'F Division' Serues Cup ChampionVanderbilt University
18.3%
C Division Denison University
15.5%
B DivisionFranklin and Marshall College
14.1%
'E Division' Chaffee Cup ChampionKenyon College
12.7%
'D Division' Conroy Cup ChampionConneticut College
9.9%
E DivisionUniversity of California Berkeley
4.2%

You're not logged in!

Compare scores with friends on all Sporcle quizzes.
OR
Log In

Show Comments

Extras

Top Quizzes Today


Score Distribution

Your Account Isn't Verified!

In order to create a playlist on Sporcle, you need to verify the email address you used during registration. Go to your Sporcle Settings to finish the process.

Report this User

Report this user for behavior that violates our Community Guidelines.

Details: